[Event "Winnipeg TNT July op"]
[Site "Winnipeg CAN"]
[Date "2009.07.07"]
[Round "1.4"]
[White "Lipic, Stephen"]
[Black "Lipnowski, Samuel"]
[Result "0-1"]
[WhiteElo "1725"]
[BlackElo "2280"]
[PlyCount "118"]
[GameId "2160767910156374"]
[EventDate "2009.07.07"]
[EventType "swiss"]
[EventRounds "4"]
[EventCountry "CAN"]

1. d4 c5 2. e3 d5 3. f4 Nc6 4. c3 Qb6 5. Bd3 Nf6 6. Nf3 Bg4 7. O-O e6 8. Nbd2 Bd6 9. Qe1 cxd4 10. exd4 Bxf4 11. Kh1 Qc7 12. h3 Bg3 13. Qe3 Bh5 14. Nb3 Bg6 15. Bd2 Bxd3 16. Qxd3 Ne4 17. Be3 Bd6 18. Rae1 Ng3+ 19. Kg1 Nxf1 20. Kxf1 O-O-O 21. Na1 Kb8 22. Nc2 Ne7 23. b4 Rc8 24. Bd2 Qc4 25. Ne5 Bxe5 26. Qxc4 Rxc4 27. Rxe5 Rhc8 28. Na3 Rxc3 29. Bxc3 Rxc3 30. Nb5 Rc6 31. Re3 Nf5 32. Ra3 a6 33. g4 axb5 34. gxf5 exf5 35. Ra5 Rb6 36. Ke2 Kc7 37. Kf3 g5 38. a4 bxa4 39. Rxd5 g4+ 40. hxg4 fxg4+ 41. Kxg4 Rxb4 42. Kh5 b6 43. Rf5 Rxd4 44. Rxf7+ Rd7 45. Rf8 Kb7 46. Rf4 b5 47. Kg5 a3 48. Rf3 b4 49. Rb3 Rd5+ 50. Kf6 Rb5 51. Re3 a2 52. Re7+ Ka8 53. Kf7 a1=Q 54. Kg8 Rb8+ 55. Kf7 Qf1+ 56. Ke6 Qc4+ 57. Kd7 Rb7+ 58. Kd8 Qg8+ 59. Re8 Qd5+ 0-1

[Event "Winnipeg TNT July op"]
[Site "Winnipeg CAN"]
[Date "2009.07.07"]
[Round "1.4"]
[White "Ott, Richard"]
[Black "Czypinski, Jaroslaw"]
[Result "0-1"]
[WhiteElo "1466"]
[BlackElo "1875"]
[PlyCount "22"]
[GameId "2160767910156375"]
[EventDate "2009.07.07"]
[EventType "swiss"]
[EventRounds "4"]
[EventCountry "CAN"]

1. d4 Nf6 2. Nf3 d5 3. Bf4 Bf5 4. e3 e6 5. c4 Bb4+ 6. Nfd2 Bxb1 7. cxd5 Bxd2+ 8. Qxd2 Bf5 9. Rc1 Nxd5 10. Be5 O-O 11. g4 Be4 0-1

[Event "Winnipeg TNT July op"]
[Site "Winnipeg CAN"]
[Date "2009.07.07"]
[Round "1.4"]
[White "Raihman, Igal"]
[Black "Trueman, Francis"]
[Result "1-0"]
[WhiteElo "1880"]
[BlackElo "1498"]
[PlyCount "59"]
[GameId "2160767910156376"]
[EventDate "2009.07.07"]
[EventType "swiss"]
[EventRounds "4"]
[EventCountry "CAN"]

1. e4 d6 2. d4 Nf6 3. Nc3 g6 4. f4 Bg7 5. Nf3 Bg4 6. Be2 O-O 7. e5 Ne8 8. h3 Bxf3 9. Bxf3 c6 10. Be3 e6 11. g4 dxe5 12. dxe5 Qe7 13. Qd2 Nc7 14. O-O-O Nd5 15. Nxd5 cxd5 16. Qc3 Nd7 17. Bd4 Rac8 18. Qe3 Nc5 19. f5 Qh4 20. Qa3 Qg3 21. Bxc5 Qf4+ 22. Rd2 Rfe8 23. Qe3 Bxe5 24. Rf1 b6 25. Bg2 Qxe3 26. Bxe3 Rc6 27. Bf4 Bg7 28. fxe6 fxe6 29. Re1 e5 30. Bxd5+ 1-0

[Event "Winnipeg TNT July op"]
[Site "Winnipeg CAN"]
[Date "2009.07.07"]
[Round "1.4"]
[White "Swift, Ryne"]
[Black "Villeneuve, Justin"]
[Result "1-0"]
[WhiteElo "1737"]
[BlackElo "1306"]
[PlyCount "59"]
[GameId "2160767910156377"]
[EventDate "2009.07.07"]
[EventType "swiss"]
[EventRounds "4"]
[EventCountry "CAN"]

1. e4 e5 2. Nf3 Nc6 3. d4 exd4 4. Nxd4 Nxd4 5. Qxd4 c5 6. Qd1 d6 7. Nc3 Nf6 8. Bf4 Be7 9. Qd2 O-O 10. O-O-O Be6 11. Be2 Bg4 12. f3 Be6 13. g4 d5 14. exd5 Nxd5 15. Nxd5 Bxd5 16. Qxd5 Qxd5 17. Rxd5 Rad8 18. Rxd8 Rxd8 19. Rd1 Rc8 20. Rd7 Re8 21. Rxb7 h6 22. Bb5 Rd8 23. Rxe7 Rb8 24. Bxb8 g5 25. Bd3 a5 26. Be5 Kf8 27. Bf6 a4 28. Bb5 Kg8 29. Re8+ Kh7 30. Bd3# 1-0

[Event "Winnipeg TNT July op"]
[Site "Winnipeg CAN"]
[Date "2009.07.14"]
[Round "2"]
[White "Czypinski, Jaroslaw"]
[Black "Nikouline, Alexandre"]
[Result "0-1"]
[WhiteElo "1875"]
[BlackElo "2137"]
[PlyCount "88"]
[GameId "2160767910156378"]
[EventDate "2009.07.07"]
[EventType "swiss"]
[EventRounds "4"]
[EventCountry "CAN"]
[SourceTitle "EXT 2011"]
[Source "ChessBase"]
[SourceDate "2011.11.26"]
[SourceVersion "1"]
[SourceVersionDate "2011.11.26"]
[SourceQuality "1"]

1. Nf3 e6 2. d4 Nf6 3. e3 d5 4. Bd3 c5 5. b3 Nc6 6. Bb2 cxd4 7. exd4 Bd6 8. Nbd2 O-O 9. a3 b6 10. O-O Qc7 11. Re1 Bb7 12. Ne5 Bxe5 13. dxe5 Nd7 14. f4 Ne7 15. Nf3 Nc5 16. Bxh7+ Kh8 17. Ng5 g6 18. Re3 Kg7 19. g4 Ne4 20. Nxe4 dxe4 21. Rh3 Rh8 22. f5 exf5 23. e6+ f6 24. g5 Nd5 25. c4 Rxh7 26. Rxh7+ Kxh7 27. cxd5 Qc5+ 28. Qd4 Bxd5 29. Qxc5 bxc5 30. e7 Bxb3 31. Rc1 fxg5 32. Rc3 Bd5 33. Rh3+ Kg8 34. Rh8+ Kf7 35. Rxa8 Bxa8 36. Bf6 Bc6 37. Bxg5 Ke6 38. Kf2 Kd5 39. Ke3 Kc4 40. Kd2 Kb3 41. Be3 c4 42. Bxa7 c3+ 43. Kc1 Kc4 44. Be3 Kd3 0-1

[Event "Winnipeg TNT July op"]
[Site "Winnipeg CAN"]
[Date "2009.07.14"]
[Round "2"]
[White "Hemphill, Jim"]
[Black "Ott, Richard"]
[Result "1-0"]
[WhiteElo "1711"]
[BlackElo "1466"]
[PlyCount "65"]
[GameId "2160767910156379"]
[EventDate "2009.07.07"]
[EventType "swiss"]
[EventRounds "4"]
[EventCountry "CAN"]
[SourceTitle "EXT 2011"]
[Source "ChessBase"]
[SourceDate "2011.11.26"]
[SourceVersion "1"]
[SourceVersionDate "2011.11.26"]
[SourceQuality "1"]

1. c4 e5 2. Nc3 f5 3. d3 Nf6 4. g3 Bb4 5. Bd2 O-O 6. Bg2 c6 7. Nf3 Re8 8. a3 Bf8 9. O-O d5 10. Qc2 d4 11. Na2 Na6 12. b4 Bd7 13. e3 Nc7 14. exd4 e4 15. Ne5 Ne6 16. Nxd7 Nxd7 17. Bc3 Nf6 18. dxe4 fxe4 19. Rad1 Ng5 20. f4 exf3 21. Bxf3 Nxf3+ 22. Rxf3 Qd7 23. d5 cxd5 24. Bxf6 gxf6 25. cxd5 Rac8 26. Qd3 Qa4 27. d6 Rc2 28. d7 Ree2 29. Qxe2 Rxe2 30. d8=Q Qc2 31. Qd3 Qxa2 32. Qd5+ Qxd5 33. Rxd5 1-0

[Event "Winnipeg TNT July op"]
[Site "Winnipeg CAN"]
[Date "2009.07.14"]
[Round "2"]
[White "Keer, Keer"]
[Black "Milord, Frank"]
[Result "0-1"]
[WhiteElo "1406"]
[BlackElo "1602"]
[PlyCount "71"]
[GameId "2160767910156380"]
[EventDate "2009.07.07"]
[EventType "swiss"]
[EventRounds "4"]
[EventCountry "CAN"]
[SourceTitle "EXT 2011"]
[Source "ChessBase"]
[SourceDate "2011.11.26"]
[SourceVersion "1"]
[SourceVersionDate "2011.11.26"]
[SourceQuality "1"]

1. d4 d5 2. Nf3 Nf6 3. Nc3 b6 4. g3 Ba6 5. Bg2 e6 6. a3 c5 7. O-O Nbd7 8. Bg5 h6 9. Bf4 c4 10. Re1 b5 11. e4 dxe4 12. Nxe4 Nd5 13. Nd6+ Bxd6 14. Bxd6 Qb6 15. Be5 f6 16. Bf4 Nxf4 17. gxf4 Rd8 18. Nh4 O-O 19. Ng6 Rfe8 20. Qh5 Qxd4 21. c3 Qc5 22. Qg4 e5 23. Rad1 Nf8 24. Nxf8 Kxf8 25. fxe5 Rxd1 26. Rxd1 Qxe5 27. Qd7 Bc8 28. Qxa7 Qe1+ 29. Rxe1 Rxe1+ 30. Bf1 Bh3 31. Qc5+ Kg8 32. Qd5+ Kh7 33. Qe4+ Rxe4 34. Bxh3 Re2 35. Bf5+ g6 36. a4 0-1

[Event "Winnipeg TNT July op"]
[Site "Winnipeg CAN"]
[Date "2009.07.14"]
[Round "2"]
[White "Kernetsky, Myron"]
[Black "Raihman, Igal"]
[Result "0-1"]
[WhiteElo "2022"]
[BlackElo "1880"]
[PlyCount "92"]
[GameId "2160767910156381"]
[EventDate "2009.07.07"]
[EventType "swiss"]
[EventRounds "4"]
[EventCountry "CAN"]
[SourceTitle "EXT 2011"]
[Source "ChessBase"]
[SourceDate "2011.11.26"]
[SourceVersion "1"]
[SourceVersionDate "2011.11.26"]
[SourceQuality "1"]

1. d4 d5 2. c4 c5 3. cxd5 cxd4 4. Qa4+ Bd7 5. Qxd4 Nf6 6. Nc3 e6 7. e4 Qa5 8. dxe6 fxe6 9. Be3 Nc6 10. Qd2 Bb4 11. Bd3 Ne5 12. Nge2 Nxd3+ 13. Qxd3 Bb5 14. Qc2 Rc8 15. O-O Qa6 16. Rfe1 Bd3 17. Qb3 Ba5 18. Nd4 Bxc3 19. bxc3 Bc4 20. Qb4 Nxe4 21. Bf4 Nc5 22. Re3 O-O 23. Bg3 e5 24. Bxe5 Nd3 25. Qe7 Rf7 26. Qg5 Qa5 27. Nf5 Nxe5 28. Rxe5 Qxc3 29. Rae1 Rxf5 30. Qxf5 Bf7 31. a4 b6 32. h3 Rf8 33. Qd7 a6 34. Qb7 Qd4 35. R5e4 Qxf2+ 36. Kxf2 Bd5+ 37. Ke3 Bxb7 38. Rg4 b5 39. axb5 axb5 40. Rb1 Bc6 41. g3 h5 42. Rf4 Rd8 43. Rc1 Bd5 44. Rd1 Re8+ 45. Kd4 Bc4 46. Rf5 Rd8+ 0-1

[Event "Winnipeg TNT July op"]
[Site "Winnipeg CAN"]
[Date "2009.07.14"]
[Round "2"]
[White "Klokow, John"]
[Black "Bince, Rolando"]
[Result "0-1"]
[WhiteElo "1772"]
[BlackElo "2043"]
[PlyCount "92"]
[GameId "2160767910156382"]
[EventDate "2009.07.07"]
[EventType "swiss"]
[EventRounds "4"]
[EventCountry "CAN"]
[SourceTitle "EXT 2011"]
[Source "ChessBase"]
[SourceDate "2011.11.26"]
[SourceVersion "1"]
[SourceVersionDate "2011.11.26"]
[SourceQuality "1"]

1. e4 c5 2. Nf3 Nc6 3. d4 cxd4 4. Nxd4 d6 5. Nc3 Nf6 6. Bc4 g6 7. h3 Bg7 8. Be3 O-O 9. Qd2 Ne5 10. Bb3 a6 11. f4 Ned7 12. Nde2 Nc5 13. Ng3 Nxb3 14. axb3 Qc7 15. O-O Be6 16. Nd5 Nxd5 17. exd5 Bd7 18. c3 e5 19. f5 f6 20. Kh1 Rf7 21. Qf2 Re8 22. Bb6 Qc8 23. Qc2 e4 24. fxg6 hxg6 25. Bd4 f5 26. Bxg7 Kxg7 27. c4 Qd8 28. Rae1 Qh4 29. Qc3+ Qf6 30. Qxf6+ Rxf6 31. Kg1 Rff8 32. Kf2 Kf6 33. Ke3 Ke5 34. Ne2 g5 35. g3 Rh8 36. Rh1 Reg8 37. Reg1 b5 38. Kf2 bxc4 39. bxc4 Rb8 40. Ra1 f4 41. gxf4+ gxf4 42. h4 Rxb2 43. Ke1 e3 44. Nc1 Ke4 45. Rxa6 Bg4 46. Ra1 f3 0-1

[Event "Winnipeg TNT July op"]
[Site "Winnipeg CAN"]
[Date "2009.07.14"]
[Round "2"]
[White "Lipnowski, Samuel"]
[Black "Lauritson, Jim"]
[Result "1-0"]
[WhiteElo "2280"]
[BlackElo "1944"]
[PlyCount "71"]
[GameId "2160767910156383"]
[EventDate "2009.07.07"]
[EventType "swiss"]
[EventRounds "4"]
[EventCountry "CAN"]
[SourceTitle "EXT 2011"]
[Source "ChessBase"]
[SourceDate "2011.11.26"]
[SourceVersion "1"]
[SourceVersionDate "2011.11.26"]
[SourceQuality "1"]

1. e4 c5 2. Nf3 e6 3. d3 Nc6 4. g3 Nge7 5. Bg2 g6 6. O-O Bg7 7. c3 O-O 8. Be3 d6 9. d4 b6 10. Na3 Bb7 11. Re1 a6 12. dxc5 bxc5 13. Nc4 d5 14. exd5 exd5 15. Bxc5 dxc4 16. Qxd8 Rfxd8 17. Bxe7 Nxe7 18. Rxe7 Rab8 19. Re2 Bc6 20. Ng5 Bxg2 21. Kxg2 Rb7 22. Rae1 h6 23. Nf3 Rdb8 24. Re8+ Rxe8 25. Rxe8+ Kh7 26. Re2 a5 27. Ne1 a4 28. a3 Bf6 29. f4 Rb5 30. Kf3 g5 31. Ng2 Kg6 32. Ne3 Rc5 33. Rd2 gxf4 34. gxf4 h5 35. Rd6 Kg7 36. Ra6 1-0

[Event "Winnipeg TNT July op"]
[Site "Winnipeg CAN"]
[Date "2009.07.14"]
[Round "2"]
[White "Oberton, Daniel"]
[Black "Khedkar, Jay S"]
[Result "1-0"]
[WhiteElo "2011"]
[BlackElo "2022"]
[PlyCount "27"]
[GameId "2160767910156384"]
[EventDate "2009.07.07"]
[EventType "swiss"]
[EventRounds "4"]
[EventCountry "CAN"]
[SourceTitle "EXT 2011"]
[Source "ChessBase"]
[SourceDate "2011.11.26"]
[SourceVersion "1"]
[SourceVersionDate "2011.11.26"]
[SourceQuality "1"]

1. e4 e6 2. d4 d5 3. Nc3 Nf6 4. exd5 exd5 5. Bd3 Be7 6. Bf4 a6 7. h3 Nc6 8. Nf3 Nb4 9. O-O Nxd3 10. Qxd3 O-O 11. Rfe1 Nh5 12. Bxc7 Qxc7 13. Nxd5 Nf4 14. Nxc7 1-0

[Event "Winnipeg TNT July op"]
[Site "Winnipeg CAN"]
[Date "2009.07.14"]
[Round "2"]
[White "Schulz, Waldemar"]
[Black "Swift, Ryne"]
[Result "0-1"]
[WhiteElo "2048"]
[BlackElo "1737"]
[PlyCount "85"]
[GameId "2160767910156385"]
[EventDate "2009.07.07"]
[EventType "swiss"]
[EventRounds "4"]
[EventCountry "CAN"]
[SourceTitle "EXT 2011"]
[Source "ChessBase"]
[SourceDate "2011.11.26"]
[SourceVersion "1"]
[SourceVersionDate "2011.11.26"]
[SourceQuality "1"]

1. Nf3 Nc6 2. d4 d5 3. Bf4 Nf6 4. Nbd2 Bf5 5. c3 e6 6. Qa4 Qd7 7. e3 h6 8. Bb5 Bd6 9. Ne5 Bxe5 10. Bxe5 Bd3 11. Bxd3 Nxe5 12. Bb5 Nc6 13. Nf3 O-O 14. Ne5 Qd6 15. Bxc6 bxc6 16. Qxc6 Qxc6 17. Nxc6 a5 18. Ne5 Rab8 19. Nd3 Rb5 20. O-O Rfb8 21. Rac1 Nd7 22. c4 R5b7 23. cxd5 exd5 24. Rc6 Ra8 25. Rfc1 Raa7 26. b3 Nf6 27. g3 Kh7 28. Ne5 Kg8 29. R6c5 Kf8 30. Nc6 Ra6 31. Rxa5 Rxa5 32. Nxa5 Ra7 33. b4 Ke8 34. Rc2 Kd7 35. Nc6 Ra4 36. Ne5+ Kc8 37. Nd3 Nd7 38. Rb2 Nb6 39. Nc5 Ra3 40. Re2 Rc3 41. e4 Kd8 42. a4 Rc4 43. a5 0-1

[Event "Winnipeg TNT July op"]
[Site "Winnipeg CAN"]
[Date "2009.07.14"]
[Round "2"]
[White "Trueman, Francis"]
[Black "Campbell, Gary"]
[Result "1/2-1/2"]
[WhiteElo "1498"]
[BlackElo "1680"]
[PlyCount "67"]
[GameId "2160767910156386"]
[EventDate "2009.07.07"]
[EventType "swiss"]
[EventRounds "4"]
[EventCountry "CAN"]
[SourceTitle "EXT 2011"]
[Source "ChessBase"]
[SourceDate "2011.11.26"]
[SourceVersion "1"]
[SourceVersionDate "2011.11.26"]
[SourceQuality "1"]

1. Nf3 d5 2. d3 Nf6 3. Nbd2 c5 4. g3 Nc6 5. Bg2 e5 6. e4 d4 7. O-O Be7 8. a4 O-O 9. Nc4 Bg4 10. h3 Bxf3 11. Bxf3 Nd7 12. Kh1 Nb6 13. Nxb6 axb6 14. Qe2 b5 15. Bd2 bxa4 16. Bg4 Bd6 17. f4 Qe7 18. f5 f6 19. Bh5 Nd8 20. Rg1 g6 21. fxg6 hxg6 22. Bxg6 Qg7 23. Qh5 Nf7 24. Raf1 Bc7 25. h4 a3 26. bxa3 Rxa3 27. Bf5 Ra2 28. Be6 Rxc2 29. Rg2 Qh7 30. Qxh7+ Kxh7 31. Rf5 Nd6 32. Rh5+ Kg6 33. Rh6+ Kg7 34. Rh5 1/2-1/2

[Event "Winnipeg TNT July op"]
[Site "Winnipeg CAN"]
[Date "2009.07.14"]
[Round "2"]
[White "Villeneuve, Justin"]
[Black "Evans, Brian"]
[Result "0-1"]
[WhiteElo "1306"]
[BlackElo "1591"]
[PlyCount "124"]
[GameId "2160767910156387"]
[EventDate "2009.07.07"]
[EventType "swiss"]
[EventRounds "4"]
[EventCountry "CAN"]
[SourceTitle "EXT 2011"]
[Source "ChessBase"]
[SourceDate "2011.11.26"]
[SourceVersion "1"]
[SourceVersionDate "2011.11.26"]
[SourceQuality "1"]

1. e4 c5 2. Nf3 d6 3. Bb5+ Bd7 4. Bxd7+ Qxd7 5. O-O Nc6 6. Nc3 g6 7. b3 Bg7 8. Bb2 Nf6 9. d3 O-O 10. Ne2 e5 11. c4 Qg4 12. h3 Qe6 13. Qd2 h6 14. Ba3 a5 15. Nc3 Nd4 16. Nxd4 exd4 17. Nb5 Rfc8 18. f4 Ne8 19. Qe2 Nc7 20. Nxc7 Rxc7 21. Qg4 Qxg4 22. hxg4 f5 23. exf5 gxf5 24. g5 Re7 25. gxh6 Bxh6 26. Rae1 Rae8 27. Rxe7 Rxe7 28. Bc1 Re2 29. a3 Kf7 30. Rf2 Re1+ 31. Rf1 Rxf1+ 32. Kxf1 Ke6 33. Ke2 d5 34. cxd5+ Kxd5 35. Kf3 b5 36. Bd2 a4 37. bxa4 bxa4 38. g4 fxg4+ 39. Kxg4 Bf8 40. f5 c4 41. dxc4+ Kxc4 42. Bc1 Kc3 43. Kh5 d3 44. Bh6 Bxa3 45. f6 d2 46. Kg6 d1=Q 47. f7 Qd6+ 48. Kh7 Qd3+ 49. Kh8 Qd8+ 50. Kh7 Bf8 51. Bf4 Qh4+ 52. Kg8 Qxf4 53. Kxf8 a3 54. Ke8 a2 55. f8=Q Qxf8+ 56. Kxf8 a1=Q 57. Kg8 Qa7 58. Kf8 Kd4 59. Ke8 Kd5 60. Kf8 Ke6 61. Kg8 Kf6 62. Kh8 Qg7# 0-1

[Event "Winnipeg TNT July op"]
[Site "Winnipeg CAN"]
[Date "2009.07.21"]
[Round "3"]
[White "Evans, Brian"]
[Black "Klokow, John"]
[Result "0-1"]
[WhiteElo "1591"]
[BlackElo "1772"]
[PlyCount "66"]
[GameId "2160767910156389"]
[EventDate "2009.07.07"]
[EventType "swiss"]
[EventRounds "4"]
[EventCountry "CAN"]
[SourceTitle "EXT 2011"]
[Source "ChessBase"]
[SourceDate "2011.11.26"]
[SourceVersion "1"]
[SourceVersionDate "2011.11.26"]
[SourceQuality "1"]

1. e4 e5 2. Nf3 Nc6 3. Bb5 Nf6 4. O-O Nxe4 5. Re1 Nd6 6. Bxc6 dxc6 7. Nxe5 Be7 8. d4 O-O 9. Nc3 Nf5 10. Nf3 Bf6 11. Be3 Nxe3 12. fxe3 Bg4 13. Ne4 Bh4 14. Rf1 Qe7 15. Qd3 Bf5 16. Ne5 Bxe4 17. Qxe4 Bg5 18. Qd3 f6 19. Qb3+ Kh8 20. Qxb7 fxe5 21. dxe5 Bxe3+ 22. Kh1 Rxf1+ 23. Rxf1 Rf8 24. Rf3 Rxf3 25. gxf3 h6 26. Qxc6 Qxe5 27. Qa8+ Kh7 28. Qe4+ Qxe4 29. fxe4 g5 30. h3 Kg6 31. Kg2 h5 32. Kf3 Bd4 33. b3 Kf6 0-1

[Event "Winnipeg TNT July op"]
[Site "Winnipeg CAN"]
[Date "2009.07.21"]
[Round "3"]
[White "Lauritson, Jim"]
[Black "Kernetsky, Myron"]
[Result "1/2-1/2"]
[WhiteElo "1944"]
[BlackElo "2022"]
[PlyCount "42"]
[GameId "2160767910156391"]
[EventDate "2009.07.07"]
[EventType "swiss"]
[EventRounds "4"]
[EventCountry "CAN"]
[SourceTitle "EXT 2011"]
[Source "ChessBase"]
[SourceDate "2011.11.26"]
[SourceVersion "1"]
[SourceVersionDate "2011.11.26"]
[SourceQuality "1"]

1. d4 Nf6 2. c4 e6 3. Nc3 Bb4 4. Qc2 d5 5. cxd5 Qxd5 6. Nf3 Qf5 7. Qxf5 exf5 8. a3 Bd6 9. Nb5 O-O 10. Nxd6 cxd6 11. Bf4 Rd8 12. e3 Be6 13. Bd3 h6 14. O-O Nc6 15. h3 Ne7 16. Rfc1 Ned5 17. Bh2 Kf8 18. Nd2 Ke7 19. Nc4 Ne8 20. Na5 Rab8 21. Rf1 Rdc8 1/2-1/2

[Event "Winnipeg TNT July op"]
[Site "Winnipeg CAN"]
[Date "2009.07.21"]
[Round "3"]
[White "Lipic, Stephen"]
[Black "Villeneuve, Justin"]
[Result "1-0"]
[WhiteElo "1725"]
[BlackElo "1306"]
[PlyCount "31"]
[GameId "2160767910156392"]
[EventDate "2009.07.07"]
[EventType "swiss"]
[EventRounds "4"]
[EventCountry "CAN"]
[SourceTitle "EXT 2011"]
[Source "ChessBase"]
[SourceDate "2011.11.26"]
[SourceVersion "1"]
[SourceVersionDate "2011.11.26"]
[SourceQuality "1"]

1. f4 d5 2. Nf3 Bg4 3. e3 Bxf3 4. Qxf3 e6 5. Bd3 Bd6 6. b3 Nf6 7. Bb2 Nc6 8. g4 O-O 9. g5 Nd7 10. Qh5 g6 11. Qh6 e5 12. Rg1 f6 13. Bxg6 hxg6 14. Qxg6+ Kh8 15. Rg3 Qe8 16. Rh3# 1-0

[Event "Winnipeg TNT July op"]
[Site "Winnipeg CAN"]
[Date "2009.07.21"]
[Round "3"]
[White "Milord, Frank"]
[Black "Hemphill, Jim"]
[Result "1-0"]
[WhiteElo "1602"]
[BlackElo "1711"]
[PlyCount "87"]
[GameId "2160767910156393"]
[EventDate "2009.07.07"]
[EventType "swiss"]
[EventRounds "4"]
[EventCountry "CAN"]
[SourceTitle "EXT 2011"]
[Source "ChessBase"]
[SourceDate "2011.11.26"]
[SourceVersion "1"]
[SourceVersionDate "2011.11.26"]
[SourceQuality "1"]

1. e4 e6 2. d4 d5 3. e5 c5 4. c3 Nc6 5. Nf3 Bd7 6. Bd3 Qb6 7. Bc2 f6 8. O-O cxd4 9. cxd4 f5 10. Nc3 Be7 11. a3 h6 12. h4 g6 13. Ne2 Qd8 14. Nf4 Kf7 15. h5 g5 16. Ng6 Rh7 17. g4 Rg7 18. b4 Bf8 19. Bb2 Nce7 20. Nxf8 Kxf8 21. Ne1 Qe8 22. Nd3 b6 23. Kg2 Qf7 24. f3 Bb5 25. Rf2 Qe8 26. a4 Bc4 27. a5 Nc6 28. Qd2 Nge7 29. Ba4 Kg8 30. Bc3 Bxd3 31. Qxd3 Qf8 32. b5 Nd8 33. Rc1 Rc8 34. Qd2 Rf7 35. a6 Rc7 36. Bb3 Nc8 37. Bb4 Qe8 38. Rxc7 Rxc7 39. Qd3 Qd7 40. Rc2 Rxc2+ 41. Bxc2 Qf7 42. gxf5 exf5 43. Qxf5 Qxf5 44. Bxf5 1-0

[Event "Winnipeg TNT July op"]
[Site "Winnipeg CAN"]
[Date "2009.07.21"]
[Round "3"]
[White "Nikouline, Alexandre"]
[Black "Raihman, Igal"]
[Result "1-0"]
[WhiteElo "2137"]
[BlackElo "1880"]
[PlyCount "85"]
[GameId "2160767910156394"]
[EventDate "2009.07.07"]
[EventType "swiss"]
[EventRounds "4"]
[EventCountry "CAN"]
[SourceTitle "EXT 2011"]
[Source "ChessBase"]
[SourceDate "2011.11.26"]
[SourceVersion "1"]
[SourceVersionDate "2011.11.26"]
[SourceQuality "1"]

1. e4 c5 2. Nf3 d6 3. d4 cxd4 4. Nxd4 a6 5. c4 Nf6 6. Nc3 Nc6 7. Be2 g6 8. Be3 Bg7 9. Nxc6 bxc6 10. e5 Ng8 11. f4 Qc7 12. O-O Nh6 13. exd6 exd6 14. Ne4 Nf5 15. Bf2 d5 16. cxd5 cxd5 17. Qxd5 Bb7 18. Qc5 Rc8 19. Qb4 a5 20. Bb5+ Bc6 21. Bxc6+ Qxc6 22. Qa3 Rc7 23. Bc5 Kd8 24. Rad1+ Kc8 25. Nd6+ Nxd6 26. Bxd6 Qb6+ 27. Kh1 Rc6 28. Rc1 Rd8 29. Be5 Bf8 30. Qf3 Kb7 31. Rc3 Bb4 32. Rc4 Bd2 33. h4 Qb5 34. Rxc6 Qxc6 35. Qb3+ Bb4 36. a3 f6 37. axb4 Qb5 38. Qf3+ Ka7 39. Bxf6 Rd3 40. Qf2+ Kb7 41. Re1 Qxb4 42. Re7+ Kc6 43. Qc2+ 1-0

[Event "Winnipeg TNT July op"]
[Site "Winnipeg CAN"]
[Date "2009.07.21"]
[Round "3"]
[White "Ott, Richard"]
[Black "D'Arcangelo, Joseph"]
[Result "1-0"]
[WhiteElo "1466"]
[BlackElo "1071"]
[PlyCount "45"]
[GameId "2160767910156395"]
[EventDate "2009.07.07"]
[EventType "swiss"]
[EventRounds "4"]
[EventCountry "CAN"]
[SourceTitle "EXT 2011"]
[Source "ChessBase"]
[SourceDate "2011.11.26"]
[SourceVersion "1"]
[SourceVersionDate "2011.11.26"]
[SourceQuality "1"]

1. d4 d6 2. Nf3 h6 3. e4 e6 4. Be3 Nf6 5. Nc3 a6 6. Bd3 b6 7. h3 Bb7 8. Nd2 Be7 9. Qe2 Qd7 10. f3 Nc6 11. g4 Nb4 12. O-O-O c6 13. Nc4 Bd8 14. e5 Nfd5 15. Ne4 Be7 16. Ncxd6+ Kf8 17. Bc4 b5 18. Nc5 Qc7 19. Bxd5 cxd5 20. Bd2 a5 21. Bxb4 axb4 22. Qxb5 Rxa2 23. Qe8# 1-0

[Event "Winnipeg TNT July op"]
[Site "Winnipeg CAN"]
[Date "2009.07.21"]
[Round "3"]
[White "Pang, Michael"]
[Black "Czypinski, Jaroslaw"]
[Result "0-1"]
[WhiteElo "1597"]
[BlackElo "1875"]
[PlyCount "108"]
[GameId "2160767910156396"]
[EventDate "2009.07.07"]
[EventType "swiss"]
[EventRounds "4"]
[EventCountry "CAN"]
[SourceTitle "EXT 2011"]
[Source "ChessBase"]
[SourceDate "2011.11.26"]
[SourceVersion "1"]
[SourceVersionDate "2011.11.26"]
[SourceQuality "1"]

1. e4 d5 2. exd5 Nf6 3. Nf3 Bg4 4. Be2 Nxd5 5. d4 e6 6. O-O Bd6 7. h3 Bh5 8. c4 Nf4 9. Nc3 Nxe2+ 10. Qxe2 Nc6 11. Be3 O-O 12. Rfd1 Qf6 13. Ne4 Qd8 14. Nxd6 cxd6 15. Rac1 d5 16. b3 h6 17. Bf4 Qf6 18. Bh2 Bxf3 19. Qxf3 Qxf3 20. gxf3 Rfd8 21. c5 Kf8 22. a3 a5 23. Rb1 Ke8 24. Kf1 Kd7 25. Ke2 Ra6 26. Ke3 b6 27. b4 axb4 28. axb4 Ra3+ 29. Rd3 Rxd3+ 30. Kxd3 b5 31. Kc3 Ra8 32. Rb3 Ra1 33. Bf4 Ke7 34. Bd6+ Kf6 35. f4 Kf5 36. Kd2 Nxd4 37. Rg3 g6 38. Be5 Ra2+ 39. Kd3 Nc6 40. Bc3 Rxf2 41. Bd2 Rf1 42. Ke2 Ra1 43. Kf2 Ra2 44. Ke1 Ra4 45. Rb3 Nd4 46. Rd3 Nc2+ 47. Ke2 Nxb4 48. Rd4 Nc6 49. Rxa4 bxa4 50. Kd3 f6 51. Kc2 h5 52. Kb2 Ke4 53. Ka3 Kd4 54. Bb4 Kc4 0-1

[Event "Winnipeg TNT July op"]
[Site "Winnipeg CAN"]
[Date "2009.07.21"]
[Round "3"]
[White "Schulz, Waldemar"]
[Black "Wasserman, Leor"]
[Result "1-0"]
[WhiteElo "2048"]
[BlackElo "1630"]
[PlyCount "95"]
[GameId "2160767910156397"]
[EventDate "2009.07.07"]
[EventType "swiss"]
[EventRounds "4"]
[EventCountry "CAN"]
[SourceTitle "EXT 2011"]
[Source "ChessBase"]
[SourceDate "2011.11.26"]
[SourceVersion "1"]
[SourceVersionDate "2011.11.26"]
[SourceQuality "1"]

1. Nf3 Nf6 2. g3 g6 3. Bg2 Bg7 4. O-O O-O 5. c4 c5 6. Nc3 Nc6 7. d4 cxd4 8. Nxd4 d5 9. cxd5 Nxd5 10. Nxc6 Nxc3 11. Nxd8 Nxd1 12. Rxd1 Rb8 13. Bf4 e5 14. Bg5 h6 15. Be7 Re8 16. Bd6 Ra8 17. Nxb7 Bxb7 18. Bxb7 Rad8 19. Ba3 Rb8 20. Rd7 Re6 21. Rad1 e4 22. Bd5 Re5 23. Bxf7+ Kh7 24. Bd6 Rxb2 25. Bxe5 Bxe5 26. Bd5+ Kh8 27. Bxe4 Rxe2 28. Re7 Bg7 29. Rd8+ Kh7 30. Bxg6+ Kxg6 31. Rxe2 Bf6 32. Re6 Kf5 33. Rxf6+ Kxf6 34. Ra8 Kg5 35. Rxa7 h5 36. Rb7 Kg4 37. Kg2 h4 38. Rb4+ Kf5 39. gxh4 Kg6 40. a4 Kh5 41. a5 Kh6 42. Rb5 Kg6 43. a6 Kf6 44. a7 Ke6 45. a8=Q Kd6 46. Qa6+ Kc7 47. Rb7+ Kc8 48. Qa8# 1-0